00890nam a2200217 a 4500001001000000003000500010005001700015008004100032010001100073011001100084040000900095100003800104245016700142260004100309500006000350502007900410650002700489650003700516650004900553856007000602000115021CHAP20220329144510.0180907s2018 mx |sm |||||||spa d a111482 a112454 cCHAP1 aGarcía Ramírez, Nancy Magaly.10aDinámica nutrimental en un sistema acuapónico jitomate (Solanum Lycopersicum L.) tilapia (Oreochromis sp.)h[En línea]cpor Nancy Magaly García Ramírez. aChapingo, Méx. :bEl autor,c2018. aPara ver el contenido del material haga clic en la liga aTesis (Agr. en Horticultura Protegida) -- UACH. Departamento de Fitotecnia14aSoluciones nutritivas.14aTilapiaxCultivos acuapónicos.14aTomatexCultivos acuapónicosxRendimiento. aFinding aiduhttp://10.13.5.2/tesis/sist115021.pdfzTeclea aquí